| 000 -LEADER |
| fixed length control field |
00914nam a2200217Ia 4500 |
| 001 - CONTROL NUMBER |
| control field |
10843 |
| 003 - CONTROL NUMBER IDENTIFIER |
| control field |
GE_BSU |
| 008 - FIXED-LENGTH DATA ELEMENTS--GENERAL INFORMATION |
| fixed length control field |
181216s||||||||xx |||||||||||||| ||und|| |
| 040 ## - CATALOGING SOURCE |
| Transcribing agency |
GE_BSU |
| 080 ## - UNIVERSAL DECIMAL CLASSIFICATION NUMBER |
| Universal Decimal Classification number |
821.353.1–1 |
| 100 ## - MAIN ENTRY--PERSONAL NAME |
| Personal name |
ქვლივიძე,მიხეილ |
| 245 ## - TITLE STATEMENT |
| Title |
მემღერებოდა ასე...,მოკითხვამდე...,გაგრძელება იქნება... |
| 245 ## - TITLE STATEMENT |
| Remainder of title |
ლექსები. |
| 245 ## - TITLE STATEMENT |
| Statement of responsibility, etc. |
რედ.ლეილა ნანიტაშვილი;მხატვ.მედეა ჯაბუა. |
| 260 ## - PUBLICATION, DISTRIBUTION, ETC. |
| Place of publication, distribution, etc. |
თბილისი. |
| 260 ## - PUBLICATION, DISTRIBUTION, ETC. |
| Name of publisher, distributor, etc. |
საბჭოთა საქართველო. |
| 260 ## - PUBLICATION, DISTRIBUTION, ETC. |
| Date of publication, distribution, etc. |
1975. |
| 300 ## - PHYSICAL DESCRIPTION |
| Extent |
462გვ;20სმ. |
| 653 ## - INDEX TERM--UNCONTROLLED |
| Uncontrolled term |
მემღერებოდა ასე...,მოკითხვამდე...,გაგრძელება იქნება... |
| 942 ## - ADDED ENTRY ELEMENTS (KOHA) |
| Koha item type |
წიგნი |